000 00542nmm a2200169Ia 4500
008 251105s9999||||xx |||||||||||||||||und||
020 _a9788495839374
041 _aspa
100 _aLaverty, Paul
245 0 _aSweet sixteen = felices dieciséis :
_b guión cinematográfico de Paul Laverty de la película dirigida por Ken Loach
264 _a[Madrid, España] :
_bOcho y Medio,
_c2003
300 _a160 páginas
490 _aEspiral
650 _aFilm studies
856 _uhttps://public.digitaliapublishing.com/a/426
942 _cCF
999 _c89652
_d89652